<?xml version="1.0" encoding="UTF-8"?><?xml-stylesheet type="text/xsl" href="static/style.xsl"?><OAI-PMH xmlns="http://www.openarchives.org/OAI/2.0/" xmlns:xsi="http://www.w3.org/2001/XMLSchema-instance" xsi:schemaLocation="http://www.openarchives.org/OAI/2.0/ http://www.openarchives.org/OAI/2.0/OAI-PMH.xsd"><responseDate>2026-04-14T06:32:26Z</responseDate><request verb="GetRecord" identifier="oai:www.recercat.cat:20.500.12328/5137" metadataPrefix="marc">https://recercat.cat/oai/request</request><GetRecord><record><header><identifier>oai:recercat.cat:20.500.12328/5137</identifier><datestamp>2025-11-14T14:51:01Z</datestamp><setSpec>com_2072_67741</setSpec><setSpec>col_2072_484352</setSpec></header><metadata><record xmlns="http://www.loc.gov/MARC21/slim" xmlns:dcterms="http://purl.org/dc/terms/" xmlns:xsi="http://www.w3.org/2001/XMLSchema-instance" xmlns:doc="http://www.lyncode.com/xoai" xsi:schemaLocation="http://www.loc.gov/MARC21/slim http://www.loc.gov/standards/marcxml/schema/MARC21slim.xsd">
   <leader>00925njm 22002777a 4500</leader>
   <datafield ind2=" " ind1=" " tag="042">
      <subfield code="a">dc</subfield>
   </datafield>
   <datafield ind2=" " ind1=" " tag="720">
      <subfield code="a">Trejo Omeñaca, Alex</subfield>
      <subfield code="e">author</subfield>
   </datafield>
   <datafield ind2=" " ind1=" " tag="720">
      <subfield code="a">Llargués Rocabruna, Esteve</subfield>
      <subfield code="e">author</subfield>
   </datafield>
   <datafield ind2=" " ind1=" " tag="720">
      <subfield code="a">Sloan, Jonny</subfield>
      <subfield code="e">author</subfield>
   </datafield>
   <datafield ind2=" " ind1=" " tag="720">
      <subfield code="a">CattaPreta, Michelle</subfield>
      <subfield code="e">author</subfield>
   </datafield>
   <datafield ind2=" " ind1=" " tag="720">
      <subfield code="a">Ferrer i Picó, Jan</subfield>
      <subfield code="e">author</subfield>
   </datafield>
   <datafield ind2=" " ind1=" " tag="720">
      <subfield code="a">Alfaro Álvarez, Julio Cesar</subfield>
      <subfield code="e">author</subfield>
   </datafield>
   <datafield ind2=" " ind1=" " tag="720">
      <subfield code="a">Alonso, Toni</subfield>
      <subfield code="e">author</subfield>
   </datafield>
   <datafield ind2=" " ind1=" " tag="720">
      <subfield code="a">Lloveras Gil, Eloy</subfield>
      <subfield code="e">author</subfield>
   </datafield>
   <datafield ind2=" " ind1=" " tag="720">
      <subfield code="a">Serrano Vinaixa, Xavier</subfield>
      <subfield code="e">author</subfield>
   </datafield>
   <datafield ind2=" " ind1=" " tag="720">
      <subfield code="a">Velasquez Villegas, Daniel</subfield>
      <subfield code="e">author</subfield>
   </datafield>
   <datafield ind2=" " ind1=" " tag="720">
      <subfield code="a">Romeu, Ramon</subfield>
      <subfield code="e">author</subfield>
   </datafield>
   <datafield ind2=" " ind1=" " tag="720">
      <subfield code="a">Rubies Feijoo, Carles</subfield>
      <subfield code="e">author</subfield>
   </datafield>
   <datafield ind2=" " ind1=" " tag="720">
      <subfield code="a">Monguet, Josep Mª</subfield>
      <subfield code="e">author</subfield>
   </datafield>
   <datafield ind2=" " ind1=" " tag="720">
      <subfield code="a">Bayes Genis, Beatriu</subfield>
      <subfield code="e">author</subfield>
   </datafield>
   <datafield ind2=" " ind1=" " tag="260">
      <subfield code="c">2025-05-28</subfield>
   </datafield>
   <datafield ind2=" " ind1=" " tag="520">
      <subfield code="a">Clinical documentation, particularly the hospital discharge report (HDR), is&#xd;
essential for ensuring continuity of care, yet its preparation is time-consuming and places&#xd;
a considerable clinical and administrative burden on healthcare professionals. Recent advancements in Generative Artificial Intelligence (GenAI) and the use of prompt engineering&#xd;
in large language models (LLMs) offer opportunities to automate parts of this process,&#xd;
improving efficiency and documentation quality while reducing administrative workload.&#xd;
This study aims to design a digital system based on LLMs capable of automatically generating HDRs using information from clinical course notes and emergency care reports.&#xd;
The system was developed through iterative cycles, integrating various instruction flows&#xd;
and evaluating five different LLMs combined with prompt engineering strategies and&#xd;
agent-based architectures. Throughout the development, more than 60 discharge reports&#xd;
were generated and assessed, leading to continuous system refinement. In the production&#xd;
phase, 40 pneumology discharge reports were produced, receiving positive feedback from&#xd;
physicians, with an average score of 2.9 out of 4, indicating the system’s usefulness, with&#xd;
only minor edits needed in most cases. The ongoing expansion of the system to additional&#xd;
services and its integration within a hospital electronic system highlights the potential of&#xd;
LLMs, when combined with effective prompt engineering and agent-based architectures,&#xd;
to generate high-quality medical content and provide meaningful support to healthcare&#xd;
professionals. Hospital discharge reports (HDRs) are pivotal for continuity of care but&#xd;
consume substantial clinician time. Generative AI systems based on large language models&#xd;
(LLMs) could streamline this process, provided they deliver accurate, multilingual, and&#xd;
workflow-compatible outputs. We pursued a three-stage, design-science approach. Proofof-concept: five state-of-the-art LLMs were benchmarked with multi-agent prompting to&#xd;
produce sample HDRs and define the optimal agent structure. Prototype: 60 HDRs spanning six specialties were generated and compared with clinician originals using ROUGE&#xd;
with average scores compatible with specialized news summarizing models in Spanish and&#xd;
Catalan (lower scores). A qualitative audit of 27 HDR pairs showed recurrent divergences&#xd;
in medication dose (56%) and social context (52%). Pilot deployment: The AI-HDR service was embedded in the hospital’s electronic health record. In the pilot, 47 HDRs were autogenerated in real-world settings and reviewed by attending physicians. Missing information and factual errors were flagged in 53% and 47% of drafts, respectively, while written&#xd;
assessments diminished the importance of these errors. An LLM-driven, agent-orchestrated&#xd;
pipeline can safely draft real-world HDRs, cutting administrative overhead while achieving&#xd;
clinician-acceptable quality, not without errors that require human supervision. Future&#xd;
work should refine specialty-specific prompts to curb omissions, add temporal consistency&#xd;
checks to prevent outdated data propagation, and validate time savings and clinical impact&#xd;
in multi-center trials.</subfield>
   </datafield>
   <datafield ind1="8" ind2=" " tag="024">
      <subfield code="a">Trejo Omeñaca, Alex; Llargués Rocabruna, Esteve; Sloan, Jonny[et al.] Leave as Fast as You Can: Using Generative AI to Automate and Accelerate Hospital Discharge Reports. Computers 2025, 14(6), 210. Disponible en &lt;https://www.mdpi.com/2073-431X/14/6/210>. Fecha de acceso: 13 nov. 2025. DOI: 10.3390/ computers14060210</subfield>
   </datafield>
   <datafield ind1="8" ind2=" " tag="024">
      <subfield code="a">2073-431X</subfield>
   </datafield>
   <datafield ind1="8" ind2=" " tag="024">
      <subfield code="a">http://hdl.handle.net/20.500.12328/5137</subfield>
   </datafield>
   <datafield ind1="8" ind2=" " tag="024">
      <subfield code="a">https://doi.org/10.3390/computers14060210</subfield>
   </datafield>
   <datafield tag="653" ind2=" " ind1=" ">
      <subfield code="a">Hospital discharge report</subfield>
   </datafield>
   <datafield tag="653" ind2=" " ind1=" ">
      <subfield code="a">Discharge summary</subfield>
   </datafield>
   <datafield tag="653" ind2=" " ind1=" ">
      <subfield code="a">Generative AI</subfield>
   </datafield>
   <datafield tag="653" ind2=" " ind1=" ">
      <subfield code="a">Large lenguage models (LLMs)</subfield>
   </datafield>
   <datafield tag="653" ind2=" " ind1=" ">
      <subfield code="a">Prompt engineering</subfield>
   </datafield>
   <datafield tag="653" ind2=" " ind1=" ">
      <subfield code="a">Informe de alta hospitalaria</subfield>
   </datafield>
   <datafield tag="653" ind2=" " ind1=" ">
      <subfield code="a">Resumen de alta</subfield>
   </datafield>
   <datafield tag="653" ind2=" " ind1=" ">
      <subfield code="a">IA generativa</subfield>
   </datafield>
   <datafield tag="653" ind2=" " ind1=" ">
      <subfield code="a">Modelo lingüístico de gran tamaño (LLM)</subfield>
   </datafield>
   <datafield tag="653" ind2=" " ind1=" ">
      <subfield code="a">Ingeniería de prompts</subfield>
   </datafield>
   <datafield tag="653" ind2=" " ind1=" ">
      <subfield code="a">Informe d'alta hospitalària</subfield>
   </datafield>
   <datafield tag="653" ind2=" " ind1=" ">
      <subfield code="a">Resum d'alta</subfield>
   </datafield>
   <datafield tag="653" ind2=" " ind1=" ">
      <subfield code="a">Model de llenguatge extens (LLM)</subfield>
   </datafield>
   <datafield tag="653" ind2=" " ind1=" ">
      <subfield code="a">Enginyeria de prompts</subfield>
   </datafield>
   <datafield ind2="0" ind1="0" tag="245">
      <subfield code="a">Leave as Fast as You Can: Using Generative AI to Automate and Accelerate Hospital Discharge Reports</subfield>
   </datafield>
</record></metadata></record></GetRecord></OAI-PMH>